[Event "Magnus Carlsen Inv Prelim"]
[Site "chess24.com INT"]
[Date "2021.03.13"]
[Round "5.6"]
[White "Vachier-Lagrave, Maxime"]
[Black "Mamedyarov, Shakhriyar"]
[Result "1-0"]
[WhiteTitle "GM"]
[BlackTitle "GM"]
[WhiteElo "2758"]
[BlackElo "2770"]
[WhiteFideId "623539"]
[BlackFideId "13401319"]
[EventDate "2021.03.13"]

1. e4 e5 2. Nf3 d6 3. d4 exd4 4. Nxd4 Nf6 5. Nc3 g6 6. Be3 Bg7 7. Qd2 O-O 8.
O-O-O Re8 9. f3 d5 10. Nb3 c6 11. Bh6 a5 12. Bxg7 Kxg7 13. a4 Be6 14. g4 Qb6 15.
g5 Nh5 16. exd5 cxd5 17. Nxd5 Bxd5 18. Qc3+ Kg8 19. Rxd5 Nc6 20. Rb5 Qf2 21. Bc4
Rac8 22. Qd2 Qxd2+ 23. Nxd2 Re7 24. c3 Nf4 25. Kc2 Kg7 26. Rg1 Rd8 27. Rg4 Nh3
28. Re4 Red7 29. Nb3 Ng1 30. Re3 Ne7 31. Nd4 Rc7 32. Kb3 b6 33. Rxb6 Rxc4 34.
Rxe7 1-0

[Event "Magnus Carlsen Inv Prelim"]
[Site "chess24.com INT"]
[Date "2021.03.13"]
[Round "5.8"]
[White "Carlsen, Magnus"]
[Black "Anton Guijarro, David"]
[Result "1-0"]
[WhiteTitle "GM"]
[BlackTitle "GM"]
[WhiteElo "2847"]
[BlackElo "2673"]
[WhiteFideId "1503014"]
[BlackFideId "2285525"]
[EventDate "2021.03.13"]

1. e4 e5 2. Nf3 Nc6 3. Bb5 a6 4. Ba4 Nf6 5. d3 Bc5 6. Bxc6 dxc6 7. Nc3 Qe7 8. h3
Nd7 9. Be3 Bxe3 10. fxe3 Nb6 11. a4 a5 12. Qd2 Bd7 13. b3 Nc8 14. g4 h5 15.
O-O-O Nd6 16. Ne2 b6 17. Qc3 f6 18. Ng3 hxg4 19. hxg4 O-O-O 20. Nf5 Bxf5 21.
gxf5 Kb7 22. Kb2 Qf7 23. Nd2 g6 24. fxg6 Qxg6 25. Nc4 Nxc4+ 26. Qxc4 Qg5 27.
Rhf1 Rd6 28. Rf3 Qg7 29. Rdf1 Rh2 30. Qc3 Re2 31. R1f2 Rxf2 32. Rxf2 Qg3 33. Qd2
Qg5 34. Rg2 Qh6 35. Rh2 Qg5 36. Qf2 Qg6 37. Rh8 Qg5 38. Qf3 Qg7 39. Qh3 Rd7 40.
Re8 Qh7 41. Qf5 Qxf5 42. exf5 b5 43. Kc3 Kb6 44. Rf8 Rd6 45. Rf7 Kb7 46. Kb2 Kb6
47. Ka3 Kb7 48. b4 axb4+ 49. Kxb4 bxa4 50. Kxa4 Kb6 51. Kb4 Kb7 52. Kc4 Kb6 53.
c3 c5 54. e4 Kc6 55. Rf8 Kb6 56. Ra8 Rd7 57. Re8 Rd6 58. Re7 Kc6 59. Rf7 Kb6 60.
Kb3 Kc6 61. Kc2 Kb6 62. c4 Kb7 63. Kd2 Kc8 64. Ke2 Kd8 65. Ke3 Kc8 66. Rf8+ Kd7
67. Rh8 Ke7 68. Ra8 Kd7 69. Ra5 Kc6 70. Ra3 Kd7 71. Kf3 Ke7 72. Kg4 Kf7 73. Kh5
Rd8 74. Ra7 Rh8+ 75. Kg4 Rc8 76. Ra5 Ke7 77. Rxc5 c6 78. Kf3 Kd6 79. Ra5 Rh8 80.
c5+ Kc7 81. Ra7+ Kb8 82. Rf7 Rh6 83. Ke3 Kc8 84. Kd2 Kd8 85. Kc3 1-0